000 00411nam a2200169 a 4500
001 0000-9320
003 ELIB.Books
008 110520 1964
035 _a(ELIB.Books)0000-9472
082 _a230
_bLau
100 _aLaurin, Robert B.
245 _aWhen God Judges
260 _bChicago: The Judson Press
_c1964
650 _aTheology
942 _2ddc
_cBK
998 _cbat
_e2011-05-20
999 _c9320
_d9320